| 000 | 01859nam a2200385 4500 | ||
|---|---|---|---|
| 001 | 21429204 | ||
| 005 | 20230505094001.0 | ||
| 008 | 230505b |||||||| |||| 00| 0 eng d | ||
| 010 | _a 2019304931 | ||
| 020 |
_a9780128233771 (hbk) _q(set) |
||
| 020 |
_a9780128235133 _q(part c) |
||
| 040 |
_aDLC _beng _cKMU _erda _dKMU |
||
| 042 | _apcc | ||
| 050 | 0 | 0 |
_aTP 155.75 Sym _b.E97 2020 |
| 111 | 2 |
_aEuropean Symposium on Computer Aided Process Engineering _n30th : _d2020: _cMilano, Italy) |
|
| 245 | 1 | 0 |
_a30th Symposium on Computer Aided Process Engineering / _cedited by Antonio Espuña, Moisès Graells and Luis Puigjaner, Chemical Engineering Department, Technical University of Catalonia, Barcelona, Spain. |
| 246 | 1 |
_iFrom preface: _aESCAPE-30 |
|
| 264 | 1 |
_aAmsterdam ; _aBoston : _bElsevier, _c[2020] |
|
| 300 |
_axiv, 2068 pages. : _billustrations. ; _c24 cm. |
||
| 336 |
_atext _2rdacontent |
||
| 337 |
_aunmediated _2rdamedia |
||
| 338 |
_avolume _2rdacarrier |
||
| 490 | 0 |
_aComputer-aided chemical engineering, _x1570-7946 ; _v40 |
|
| 500 | _a"This volume of the Computer-Aided Chemical Engineering series collects the contributions presented at the 27th European Symposium on Computer Aided Process Engineering, (ESCAPE-27), held in Barcelona, Spain from the 1st to the 5th of October, 2017"--Preface. | ||
| 504 | _aIncludes bibliographical references and author index. | ||
| 505 | 0 | _a[volume 1.] Part A -- [volume 2.] Part B -- [volume 3.] Part C. | |
| 650 | 0 |
_aChemical process control _xData processing _vCongresses. |
|
| 650 | 0 |
_aComputer integrated manufacturing systems _vCongresses. |
|
| 700 | 1 |
_aEspuña, A., _eeditor. |
|
| 700 | 1 |
_aGraells, Moisès, _eeditor. |
|
| 700 | 1 |
_aPuigjaner, Luis, _eeditor. |
|
| 906 |
_a7 _bcbc _corigres _d2 _encip _f20 _gy-gencatlg |
||
| 942 |
_2lcc _cBK _n0 |
||
| 999 |
_c315 _d315 |
||